000 00660nam a2200205 4500
001 118816
003 ES-MaACL
005 20230906191202.0
007 t|
008 070214s1981 sp r ||||1| spa d
100 1 _aPérez de Cambra, Fernando.
_990769
245 1 0 _aCuando Abd El Krim quiso negociar con Franco /
_cFernando Pérez de Cambra.
250 _a1ª ed.
260 _aBarcelona :
_bLuis Caralt,
_c1981.
300 _a282 p. ;
_c18 cm.
490 1 _aBiblioteca universal Caralt. Serie novela ;
_v184
830 0 _aBiblioteca universal Caralt. Serie novela ;
_v184
_9187195
852 _aES-MaACL
_jA-10995
_bR.102058
999 _c118816
_d118816